000 00648nam a22002057a 4500
999 _c157755
_d157755
005 20180928125530.0
010 _aENG-124081
020 _a9789387472372
_c325.00
035 _aEN-107613
037 _bDBAD/PUB
082 _a910.01
100 _aDikshit, Ramesh Dutta
245 _aGeographical thought:
_cby Ramesh Dutta Dikshit
_ba contextual history of ideas /
250 _a2nd ed.
260 _c2018
_aDelhi
_bPHI Learning Pvt. Ltd.
270 _bDelhi
_aRimjhim House, 111, Patparganj Industrial Estate,
_e110092
300 _axviii,370p.
_c23cm.(pbk)
500 _aIt includes index
942 _2ddc
_cEN
_h910.01
_mDIK